<?xml version="1.0" encoding="UTF-8"?>
<record
    xmlns:xsi="http://www.w3.org/2001/XMLSchema-instance"
    xsi:schemaLocation="http://www.loc.gov/MARC21/slim http://www.loc.gov/standards/marcxml/schema/MARC21slim.xsd"
    xmlns="http://www.loc.gov/MARC21/slim">

  <leader>01798nam a22003137a 4500</leader>
  <controlfield tag="005">20250823174823.0</controlfield>
  <controlfield tag="008">250823b        th ||||| |||| 00| 0 chi d</controlfield>
  <datafield tag="040" ind1=" " ind2=" ">
    <subfield code="a">PIMLIB</subfield>
    <subfield code="c">PIMLIB</subfield>
  </datafield>
  <datafield tag="050" ind1=" " ind2=" ">
    <subfield code="a">Thesis</subfield>
    <subfield code="b">L783R</subfield>
    <subfield code="y">2024</subfield>
  </datafield>
  <datafield tag="100" ind1=" " ind2=" ">
    <subfield code="9">101690</subfield>
    <subfield code="a">Lui Shengping</subfield>
  </datafield>
  <datafield tag="245" ind1=" " ind2=" ">
    <subfield code="a">&#x4E2D;&#x56FD;&#x897F;&#x90E8;&#x5730;&#x533A;&#x5927;&#x5B66;&#x751F;&#x793E;&#x4F1A;&#x8D23;&#x4EFB;&#x610F;&#x8BC6; &#x63D0;&#x5347;&#x7814;&#x7A76;</subfield>
  </datafield>
  <datafield tag="246" ind1=" " ind2=" ">
    <subfield code="a">Research on improving the social responsibility consciousness of college students in western china</subfield>
  </datafield>
  <datafield tag="260" ind1=" " ind2=" ">
    <subfield code="a">Nonthaburi :</subfield>
    <subfield code="b">Panyapiwat Institute of Management,</subfield>
    <subfield code="c">2024</subfield>
  </datafield>
  <datafield tag="300" ind1=" " ind2=" ">
    <subfield code="a">P.134</subfield>
  </datafield>
  <datafield tag="502" ind1=" " ind2=" ">
    <subfield code="a">Thesis : Doctor of Philosophy Business Administration(Chinese Program) -- Panyapiwat Institute of Management, 2024.</subfield>
  </datafield>
  <datafield tag="650" ind1=" " ind2="0">
    <subfield code="9">101691</subfield>
    <subfield code="a">&#x897F;&#x90E8;&#x5730;&#x533A;</subfield>
  </datafield>
  <datafield tag="650" ind1=" " ind2="0">
    <subfield code="9">101692</subfield>
    <subfield code="a">&#x5927;&#x5B66;&#x751F;</subfield>
  </datafield>
  <datafield tag="650" ind1=" " ind2="0">
    <subfield code="9">101693</subfield>
    <subfield code="a">&#x793E;&#x4F1A;&#x8D23;&#x4EFB;</subfield>
  </datafield>
  <datafield tag="650" ind1=" " ind2="0">
    <subfield code="9">101695</subfield>
    <subfield code="a">China's Western Areas</subfield>
  </datafield>
  <datafield tag="650" ind1=" " ind2="0">
    <subfield code="9">18905</subfield>
    <subfield code="a">College students</subfield>
  </datafield>
  <datafield tag="650" ind1=" " ind2="0">
    <subfield code="9">49963</subfield>
    <subfield code="a">empirical study</subfield>
  </datafield>
  <datafield tag="650" ind1=" " ind2="0">
    <subfield code="9">101696</subfield>
    <subfield code="a">Social Responsibility</subfield>
  </datafield>
  <datafield tag="650" ind1=" " ind2="0">
    <subfield code="9">63800</subfield>
    <subfield code="a">CPHD</subfield>
  </datafield>
  <datafield tag="690" ind1=" " ind2=" ">
    <subfield code="9">47390</subfield>
    <subfield code="a">0011-3 &#xE27;&#xE34;&#xE17;&#xE22;&#xE32;&#xE25;&#xE31;&#xE22;&#xE19;&#xE32;&#xE19;&#xE32;&#xE0A;&#xE32;&#xE15;&#xE34;&#xE28;&#xE36;&#xE01;&#xE29;&#xE32;&#xE08;&#xE35;&#xE19; &#xE1B;&#xE23;&#xE31;&#xE0A;&#xE0D;&#xE32;&#xE14;&#xE38;&#xE29;&#xE0E;&#xE35;&#xE1A;&#xE31;&#xE13;&#xE11;&#xE34;&#xE15; &#xE2A;&#xE32;&#xE02;&#xE32;&#xE1A;&#xE23;&#xE34;&#xE2B;&#xE32;&#xE23;&#xE18;&#xE38;&#xE23;&#xE01;&#xE34;&#xE08; CPHD (&#xE2B;&#xE25;&#xE31;&#xE01;&#xE2A;&#xE39;&#xE15;&#xE23;&#xE20;&#xE32;&#xE29;&#xE32;&#xE08;&#xE35;&#xE19;)(&#xE1B;.&#xE40;&#xE2D;&#xE01;)</subfield>
  </datafield>
  <datafield tag="856" ind1=" " ind2=" ">
    <subfield code="u">https://elibrary.pim.ac.th/ebook/viewer?file=https://elibrary.pim.ac.th/ebook?id=b0e50681-800e-11f0-8bd5-fa163e01dc04&amp;id=b0e50681-800e-11f0-8bd5-fa163e01dc04</subfield>
    <subfield code="w">b0e50681-800e-11f0-8bd5-fa163e01dc04</subfield>
    <subfield code="z">Ebook Full text</subfield>
  </datafield>
  <datafield tag="942" ind1=" " ind2=" ">
    <subfield code="2">lcc</subfield>
    <subfield code="n">0</subfield>
    <subfield code="c">ETS</subfield>
  </datafield>
  <datafield tag="999" ind1=" " ind2=" ">
    <subfield code="c">1002099</subfield>
    <subfield code="d">1002099</subfield>
  </datafield>
  <datafield tag="856" ind1=" " ind2=" ">
    <subfield code="u">https://elibrary.pim.ac.th/ebook/viewer?file=https://elibrary.pim.ac.th/ebook?id=a5394862-800e-11f0-8bd5-fa163e01dc04&amp;id=a5394862-800e-11f0-8bd5-fa163e01dc04</subfield>
    <subfield code="w">a5394862-800e-11f0-8bd5-fa163e01dc04</subfield>
    <subfield code="z">Ebook Abstract</subfield>
  </datafield>
</record>
